Século XIX no Brasil - Dentro de 15 Anos - Statistics

Estatísticas Gerais
  • Esse quiz foi jogado 48 vezes
    47 desde o último reset
  • A pontuação média é 10 de 18
Estatísticas das Respostas
Evento Ano % Correto
Dom Pedro I declara a independência do Brasil 1822
92%
Lei Áurea é assinada, pondo fim definitivo à escravidão 1888
88%
A família real portuguesa chega ao Rio de Janeiro 1808
85%
A república é proclamada no Brasil 1889
81%
Dom Pedro II é coroado Imperador do Brasil, aos 15 anos de idade 1841
73%
Começa a Guerra do Paraguai 1864
69%
Dom Pedro I renuncia ao trono 1831
65%
Uruguai ganha sua independência do Império Brasileiro 1828
62%
É criado o Reino Unido de Portugal, Brasil e Algarves 1815
54%
Primeiro navio com imigrantes italianos chega ao país 1874
54%
Primeira Constituição brasileira é outorgada 1824
46%
Lei Eusébio de Queiroz é aprovada, proibindo a importação de escravizados para o país 1850
46%
Revolução Farroupilha chega ao fim 1845
38%
É realizada a primeira viagem de trem do Brasil 1854
38%
Revolta da Cabanagem chega ao fim 1840
35%
É criado o estado do Paraná, desmembrado de São Paulo 1853
35%
Primeiro Censo do Brasil é realizado 1872
31%
Belo Horizonte é inaugurada como nova capital de Minas Gerais 1897
31%
Nenhum quiz correspondente encontrado
Distribuição das Pontuações
Porcentagem de Pessoas com Cada Pontuação
Percentil de Números Respondidos
Sua Pontuação Histórica
Você não jogou esse quiz desde o último reset